000 00986cam a2200241 a 4500
999 _c174376
_d174376
001 4243776
003 Nust
005 20170125090235.0
008 830816s1983 nyu 000 1 eng
010 _a 83072673
020 _a9780007357949
_c$25.00
040 _aDLC
_cDLC
_dDLC
050 0 0 _aPR6005.H66
_bA6 1983a
082 0 0 _a823.912
_bCHR
100 1 _aChristie, Agatha,
_d1890-1976.
245 1 4 _aA mary westmacott novel unfinished portrait /
_cby Agatha Christie writing under the name Mary Westmacott.
260 _aNew York :
_bArbor House,
_c2002
300 _a400 p. ;
_c25 cm.
505 0 _aGiants' bread -- Absent in the spring -- Unfinished portrait -- The rose and the yew tree -- A daughter's a daughter -- The burden.
650 0 _aDetective and mystery stories, English.
906 _a7
_bcbc
_corignew
_d3
_eopcn
_f19
_gy-gencatlg
942 _2ddc
_cBK